[Event "Ontario Jr Championship"]
[Site "Mississauga"]
[Date "2020.01.18"]
[Round "2.3"]
[White "Ajith, Aayush"]
[Black "Papneja, Arul"]
[Result "0-1"]
[WhiteElo "1862"]
[BlackElo "1879"]
[Annotator "John Upper"]
[PlyCount "38"]
[EventDate "2020.??.??"]
[EventType "swiss"]
[EventCountry "CAN"]
[SourceTitle "Chess Canada Tactiosauru"]
[Source "CFC/John Upper"]
[SourceDate "2023.03.11"]
[SourceVersion "1"]
[SourceVersionDate "2023.03.11"]
[SourceQuality "1"]

1. d4 d5 2. c4 e6 3. Nc3 c5 4. cxd5 exd5 5. Nf3 Nf6 6. g3 Nc6 7. Bg2 cxd4 8.
Nxd4 Bc5 9. Nxc6 bxc6 10. O-O O-O 11. Qc2 Bb6 12. b3 Re8 {[%mdl 64] [#]
Critical Position:  Should White go Na4 to fight for c5, or develop the Rs
with Rfd1, Bb2 and Rac1?} 13. Rd1 $4 (13. Na4 $142 {is slightly better for
White according to Stockfish 11, but equal according to SF15 and Leela.} Bd7
$11 {Aronian,L (2775)-Carlsen, M (2872) Moscow, 2019 (0-1, 41).}) 13... Bg4 $2
$15 (13... Bxf2+ $3 $19 {[%mdl 32832] At least since version 11, Stockfish
instantly picks this as the winner. Leela had more trouble: two year old
versions of it didn't rate it among its top three lines, but the current
version finds it after a few seconds. The important thing to see is that after}
14. Kxf2 Qb6+ $1 {is winning for Black.} 15. e3 (15. Kf1 Ng4 $19) (15. Kf3 Bg4+
16. Kf4 Qc7+ {is mating too.}) 15... Rxe3 $1 16. Bxe3 (16. Na4 Ng4+ $19) 16...
Ng4+ $19) (13... Ng4 $1 {was older Leela's top choice, and it's also good for
a winning advantage:} 14. e3 Qf6 15. Qb2 (15. Bb2 Qh6 $1 $19 {and ...Nxf2.}) {
and now either ...Qh6 or} 15... Ne5 {followed by ...Bg4 and something landing
on f3.} (15... Bc7 $5 {threatening ...Be5})) 14. Rd2 (14. Bf3 $5 {allows Black
to turn d5 into a passed pawn, but keeps the K safe and covers e4.}) 14... Qe7
(14... d4 $5 $15) (14... Qc8 {keeps Black's options open: ...Bf5, ...h5, ...
Bh3.}) 15. Bb2 Rad8 16. Na4 $2 (16. e3 $142 Qe6 $15) 16... Bxf2+ $1 $19 17.
Kxf2 Qe3+ 18. Kf1 Ne4 $8 19. Bxe4 dxe4 $8 {There's no good defence to the two
threats of ...Bh3+ and ...Rxd2.} (19... dxe4 20. Rxd8 (20. Qc3 $2 Bh3+ 21. Ke1
Qg1#) 20... Bh3+ $19 ({or} 20... Rxd8 21. Kg2 Rd2 $19) 21. Ke1 Qg1+ 22. Kd2
Rxd8+ 23. Qd3) 0-1

[Event "Gibraltar Challengers A"]
[Site "Gibraltar"]
[Date "2020.01.22"]
[Round "3"]
[White "Piasetski, Leon"]
[Black "Royset, Pal"]
[Result "0-1"]
[WhiteElo "2219"]
[BlackElo "2151"]
[Annotator "John Upper"]
[PlyCount "81"]
[EventDate "2020.01.22"]
[EventType "swiss"]
[EventCountry "GGB"]
[SourceTitle "Chess Canada Tactiosauru"]
[Source "CFC/John Upper"]
[SourceDate "2023.03.11"]
[SourceVersion "1"]
[SourceVersionDate "2023.03.11"]
[SourceQuality "1"]

1. c4 e5 2. g3 Nc6 3. Bg2 g6 4. Nc3 Bg7 5. e3 d6 6. Nge2 h5 7. h3 Nf6 8. d4 Bd7
9. d5 Nb8 10. e4 h4 11. g4 Nh7 12. f4 $5 a5 13. Be3 Na6 14. Qd2 Nc5 15. O-O-O {
[#]} b6 16. Rhf1 Qe7 17. Rf2 exf4 18. Bxf4 O-O 19. Nd4 Rae8 20. Re2 Bf6 21. Nf3
g5 22. Bh2 Ba4 23. Rde1 Bb3 $1 24. e5 dxe5 25. Bxe5 $6 {[%mdl 34880] [#]
Critical Position A King's English has turned into a tactics contest.
Calculate away!} Bxa2 $1 {Makes the B safe and threatens ...Nb3+.} (25... Bxc4
$2 26. Bxf6 $18) (25... Bxe5 $2 26. Rxe5 $1 (26. Nxe5 Bxa2 $8 $13) 26... Qd8
27. Ne4 $1 $16 {getting rid of the Nc5 and swinging to the kingside.}) 26. Nd4
$5 {The most obvious move -- defends b3 and so threatens Nxa2 -- but not the
only one:} (26. Nxa2 $4 Nb3+ $19) (26. Kc2 $5 $13) (26. Bxf6 $1 Qxe2 (26...
Qxf6 27. Rxe8 Nb3+ $8 28. Kc2 Nxd2 29. Nxd2 $8 $14 {there's no way to save the
Ba2, but the black Q could be dangerous.}) 27. Rxe2 (27. Qxe2 Rxe2 28. Rxe2
Bxc4 $8 $13) 27... Nb3+ 28. Kc2 Nxd2 29. Rxd2 Nxf6 30. Nxa2 Ne4 31. Nd4 $5 (31.
Re2 f5 $132) 31... Nxd2 32. Kxd2 $14 {with a very strange material imbalance
where White's minors look to have the more promising future than Black's Rs.})
{[#]} 26... Bxc4 $4 (26... Bxe5 $2 27. Rxe5 $18) (26... Qxe5 $8 {The critical
move.} 27. Rxe5 Rxe5 $8 28. Rxe5 (28. Nxa2 $4 Rxe1+ 29. Qxe1 Nd3+ $19) 28...
Bxe5 $13 {Threatening both ...Bf4 and ...Bxd4 followed by ...Nb3+.} 29. Kd1 (
29. Nxa2 $4 Bf4 $19) (29. Nce2 Bxc4 $15) 29... Bxc4 $1 $13 {For the Q, Black
has RBPP and good squares for the minor pieces, but an overextended kingside.})
27. Bxf6 $8 $18 Qxf6 28. Rxe8 {[#]} Nd3+ (28... Qxd4 29. Qxd4 Nb3+ 30. Kd1 Nxd4
31. R1e7 $18 {Material is about equal, but now White starts to collect.}) 29.
Kb1 $8 (29. Kd1 $4 Qxd4 30. Rxf8+ (30. R8e4 Nf2+ $19) 30... Kxf8 31. Re2 Bb3+
$19) 29... Qxd4 30. R8e4 $1 Qc5 31. Rxc4 $1 Qxc4 32. Bf1 $1 Qf4 33. Qxd3 $18 {
[#] White is up a piece for two pawns, but Black's majorities on both sides of
the board have already been stopped.} Nf6 34. Bg2 Nd7 35. Qe3 Qxe3 36. Rxe3 Rd8
37. Nb5 Kf8 38. Nxc7 Nc5 39. Nb5 f6 40. d6 Rc8 41. Nc7 0-1

[Event "Gibraltar Challengers A"]
[Site "Gibraltar"]
[Date "2020.01.23"]
[Round "4"]
[White "Bengherabi, Khalil"]
[Black "Piasetski, Leon"]
[Result "0-1"]
[WhiteElo "2106"]
[BlackElo "2219"]
[Annotator "John Upper"]
[PlyCount "84"]
[EventDate "2020.01.22"]
[EventType "swiss"]
[EventCountry "GGB"]
[SourceTitle "Chess Canada Tactiosauru"]
[Source "CFC/John Upper"]
[SourceDate "2023.03.11"]
[SourceVersion "1"]
[SourceVersionDate "2023.03.11"]
[SourceQuality "1"]

{[%evp 0,84,22,22,37,37,37,37,37,17,75,41,39,46,48,54,55,52,52,39,67,63,63,50,
30,33,42,34,41,35,33,30,22,37,29,29,17,10,48,9,5,6,0,-32,-49,-50,-68,-42,-49,
-62,-37,-124,-163,-163,-189,-196,-196,-256,-243,-243,-263,-488,-314,-321,-344,
-384,-329,-295,-325,-409,-440,-558,-634,-710,-731,-970,-389,-1127,-360,-368,
-366,-794,-821,-2087,-2396,-29981,-29984]} 1. e4 c5 2. Nf3 e6 3. d4 cxd4 4.
Nxd4 a6 5. Bd3 Bc5 6. Nb3 Be7 7. Qg4 g6 8. Nc3 d6 9. Qe2 Nd7 10. O-O Ne5 11.
Be3 Nf6 12. f4 Nxd3 13. cxd3 O-O 14. Na4 b5 15. Nb6 Rb8 16. Nxc8 Rxc8 17. Rfc1
Qd7 18. Bd4 b4 19. Rc4 Rxc4 20. dxc4 Qc6 21. Nd2 (21. e5 $142) 21... e5 $1 $15
22. fxe5 dxe5 23. Bf2 Rd8 24. Re1 (24. h3 Nh5 $15) 24... Bc5 {[%mdl 32832] [#]
Critical Position Nf3, b3, or something else?} 25. Nf3 $4 (25. Bxc5 $1 Qxc5+
26. Kh1 Nh5 $1 $15) (25. b3 $2 Bxf2+ 26. Kxf2 (26. Qxf2 Ng4 27. Qe2 Qc5+ $19)
26... Qc5+ (26... Rxd2 $4 27. Qxd2 Nxe4+ 28. Rxe4 Qxe4 29. c5 $13) 27. Kf1 (27.
Qe3 $2 Ng4+) 27... Ng4 28. Qxg4 Rxd2 29. Re2 Rd1+ 30. Re1 Rxe1+ 31. Kxe1 Qg1+
32. Ke2 Qb1 $19 {Black mops up the queenside.}) 25... Ng4 $8 $19 26. Bxc5 Qxc5+
27. Kf1 (27. Kh1 Nf2+ 28. Kg1 Nxe4+ 29. Kf1 f5 $19) 27... Rd3 $8 $19 {
Exploiting the fact that the Q must defend f2 and threatening ...Ne3 and a
deadly discovered check.} 28. Rc1 {[#]} Re3 $1 (28... Ne3+ 29. Ke1 (29. Kf2
Ng4+ 30. Kg3 Re3 $19) 29... Nxg2+ 30. Qxg2 Qe3+ $19) 29. Qd2 (29. Qc2 Rxf3+ {
and fork on e3.}) 29... Rxe4 30. Re1 Ne3+ 31. Rxe3 Rxe3 32. b3 e4 33. Ne5 Kg7
34. Ng4 {[#]} Qf5+ $8 35. Kg1 Rd3 $8 $19 36. Qh6+ Kg8 37. h3 f6 38. Qh4 g5 39.
Nh6+ (39. Qe1 Kg7 $19) 39... Kf8 40. Qh5 Qd7 41. Qe2 Rd1+ 42. Kh2 Qd6+ 0-1

[Event "Gibraltar Chess Festival: Masters"]
[Site "Gibraltar"]
[Date "2020.01.29"]
[Round "9.30"]
[White "Panjwani, Raja"]
[Black "Muzychuk, Anna"]
[Result "1-0"]
[WhiteElo "2444"]
[BlackElo "2539"]
[Annotator "John Upper"]
[PlyCount "73"]
[EventDate "2020.??.??"]
[EventType "swiss"]
[EventCountry "GGB"]
[SourceTitle "Chess Canada Tactiosauru"]
[Source "CFC/John Upper"]
[SourceDate "2023.03.11"]
[SourceVersion "1"]
[SourceVersionDate "2023.03.11"]
[SourceQuality "1"]

1. Nf3 c5 2. c4 Nc6 3. d4 cxd4 4. Nxd4 Nf6 5. Nc3 e6 6. a3 Bc5 7. Nb3 Bb6 8. c5
Bc7 9. g3 O-O 10. Bg2 b6 11. O-O Be5 12. a4 Rb8 13. Be3 Ng4 14. Bd2 bxc5 15.
Nxc5 Rxb2 16. Nd3 Rb8 17. Bxc6 Bxc3 18. Bxc3 dxc6 19. h3 Nf6 20. Be5 Ra8 21.
Qc2 Qe7 22. Rfd1 Rd8 23. Qc5 $1 {[%mdl 33024] [#] Critical Position White has
sac'ed a pawn for a lead in development, dark square control, and pressure on
the c-pawn. Find Black's best defence.} (23. Qxc6 $14) 23... Qe8 $2 (23... Qb7
$2 {is a straightforward way to try to hold the Pc6, but} 24. Rab1 $1 Qa6 25.
Nb4 $18 {wins the Q or mates.}) (23... Qf8 $6 24. Bxf6 gxf6 25. Qxc6 $16) (
23... Qxc5 $6 {this line shows White's main ideas:} 24. Nxc5 Rxd1+ 25. Rxd1 Kf8
$8 (25... Nd5 {blocking the d-file is dead lost after} 26. e4 f6 27. exd5 fxe5
28. d6 $18) 26. Rd8+ Ke7 27. Rh8 $14 {it looks like Black can escape with} Bb7
$2 {but actually White wins with the decoy check} 28. Bd6+ $3 {when the Bb7
falls with check leaving the Ra8 undefended.}) (23... Kf8 $142 24. Bc7 $5 {
Attacking the R and blocking the defence of b7.} Qxc5 $8 (24... Rd7 $2 25. Qxc6
$18 {wins an exchange.}) 25. Nxc5 Rxd1+ 26. Rxd1 Nd5 27. Bd6+ Ke8 28. Rd4 $1
$14) (23... Rd7 $142 24. Qxe7 (24. Qxc6 Bb7 $13) 24... Rxe7 25. Bxf6 $5 ({
or simply} 25. Rac1 $14 {to recover the pawn with more active pieces.}) 25...
gxf6 26. Nc5 $14 {when the bind is worth at least a pawn.}) 24. Bxf6 $8 $18
gxf6 25. Nf4 $8 {Now c5 isn't the only critically weak dark square on Black's
side of the board.} Ba6 (25... Qf8 26. Qxc6 Rb8 27. Nh5 Bb7 28. Nxf6+ Kg7 29.
Qc3 $18) 26. Nh5 Kh8 27. Nxf6 Qf8 28. Qe5 $1 {[#] White owns the dark squares.}
h6 (28... Qg7 29. Rxd8+ Rxd8 30. Rb1 h6 31. Rb8 Bc8 32. g4 $18 {and it's
nearly zugzwang.}) (28... Kg7 29. Ne8+ Kg8 30. Qg5+ Kh8 31. Qf6+ Kg8 32. Rxd8
$18 {is an extra R.}) 29. Ne8+ $1 f6 (29... Kh7 30. Nc7 $18 {forking a8 and a6
was the point of the flashy Ne8.}) 30. Nxf6 Qg7 31. Rxd8+ Rxd8 32. Rb1 Qg5 33.
Qxe6 Qg6 34. Rb4 Bxe2 35. Qe7 Rc8 36. Rb7 Bd3 {Defending mate on h7.} 37. Qe5 {
there's no good defence to Nh5/e8 then Rg7.} 1-0

[Event "Live Chess"]
[Site "Chess.com"]
[Date "2020.12.17"]
[Round "?"]
[White "Hambleton, Aman"]
[Black "FGHSMN"]
[Result "1-0"]
[WhiteElo "2676"]
[BlackElo "2600"]
[Annotator "John Upper"]
[PlyCount "57"]
[EventDate "2020.??.??"]
[EventType "blitz"]
[EventCountry "NET"]
[SourceTitle "Chess Canada Tactiosauru"]
[Source "CFC/John Upper"]
[SourceDate "2023.03.11"]
[SourceVersion "1"]
[SourceVersionDate "2023.03.11"]
[SourceQuality "1"]

{[%evp 0,57,24,27,24,27,23,27,47,42,40,17,15,22,22,4,13,22,33,12,19,15,17,24,
17,20,8,20,16,18,14,39,1,20,16,15,17,32,41,2,20,30,61,67,52,47,105,-74,-78,267,
349,404,419,441,664,686,682,29986,29999,-30000] An online 3+0 chess.com blitz
game between GM Aman Hambleton (KNVB) and Indian IM Harishankkar.} 1. d4 Nf6 2.
Bf4 e6 3. e3 c5 4. c3 d5 5. Nf3 Nc6 6. Nbd2 Bd6 7. Bg3 O-O 8. Bd3 Qe7 9. Ne5
Bxe5 10. dxe5 Nd7 11. Nf3 b6 12. O-O Bb7 13. e4 d4 14. cxd4 cxd4 15. a3 Nc5 16.
b4 Nxd3 17. Qxd3 a6 18. Rfd1 Qd7 19. h4 Rfd8 20. h5 h6 21. Bh4 Re8 22. Nxd4
Rac8 {[%mdl 32832] [#] Critical Position From a 3+0 online game.} 23. Qg3 $3 {
Aman spent 53 seconds (in a 3|0 game) on this move!  SF15 needs to get to 28
ply before finding it.} (23. Nxc6 Qxc6 24. f3 $16 {with a safe extra pawn and
a much better B is good, but no points for this "low T" line.}) 23... Nxd4 24.
Rxd4 $1 (24. Bf6 $4 Ne2+ $19) 24... Qxd4 25. Bf6 $1 Qxa1+ 26. Kh2 {[#] Yep,
it's a double R sac, and Black is toast.} g5 (26... Qxe5 27. Bxe5 f6 28. Bxf6
$18 {and Black still has no safe squares on the 7th to defend g7.}) 27. hxg6
Kf8 28. gxf7 Kxf7 29. Qg7# {https://www.twitch.tv/chessbrah} 1-0

[Event "American WC Qualification"]
[Site "tornelo.com"]
[Date "2021.05.26"]
[Round "?"]
[White "Bacallao, Yusnel"]
[Black "Sambuev, Bator"]
[Result "0-1"]
[WhiteElo "2590"]
[BlackElo "2514"]
[Annotator "John Upper"]
[PlyCount "76"]
[EventDate "2021.??.??"]
[SourceTitle "Chess Canada Tactiosauru"]
[Source "CFC/John Upper"]
[SourceDate "2023.03.11"]
[SourceVersion "1"]
[SourceVersionDate "2023.03.11"]
[SourceQuality "1"]

{[%evp 0,76,22,32,15,-6,-6,4,44,42,56,57,69,53,87,65,58,58,76,60,76,75,70,48,
33,23,23,9,40,22,27,-9,-1,-12,-20,-19,6,7,-13,-9,-6,-20,31,-6,36,13,19,-9,10,
-10,-19,-5,37,-22,-43,66,46,-141,-314,-275,-275,-275,-275,-379,-421,-724,-724,
-730,-729,-743,-753,-755,-762,-861,-799,-820,-852,-867,-898]} 1. d4 d5 2. c4 e6
3. Nc3 c6 4. e3 Bd6 5. Bd3 f5 6. Qc2 Nh6 7. Nge2 O-O 8. Bd2 Kh8 9. h3 Qe7 10.
a3 Nd7 11. c5 Bc7 12. f4 Nf6 13. g4 Ne4 14. g5 Ng8 $5 15. Ng1 Bd7 16. Nxe4 fxe4
{[#]} 17. Be2 $8 {Would you believe Bf1 loses?} (17. Bf1 $4 Qxg5 $3 18. fxg5
Bg3+ $19 {and the Rs invade on the f-file.}) 17... Be8 18. h4 Bg6 19. Nh3 Qe8
20. Qd1 (20. h5 Bxh5 21. Bxh5 Qxh5 22. Nf2 Qf3 23. Kf1 $13 {The threat to trap
the Q with Rh3 forces Black to sac to save the Q.}) 20... Ne7 21. Nf2 Bf5 22.
Rh2 Qb8 23. Rc1 {[#] There are still 16 pawns on the board, and they make a
wall between White and Black. I'd expect the game would now revolve around
pawn breaks -- which it does -- but the variations below show how powerful
piece sacs can be.} b6 {Black wants to peel apart White's dark pawn V, and the
Qb8 attacks in both directions.} 24. cxb6 axb6 $17 25. Ng4 (25. h5 c5 26. Bc3
$2 Bxf4 $8 $19) 25... Bxg4 $2 (25... c5 $142 26. dxc5 (26. Bc3 Bxf4 $19) 26...
d4 $1 $19) 26. Bxg4 c5 27. h5 (27. Bxe6 cxd4 $2 (27... Ng6 $142 28. h5 Nxf4 $1
$19) 28. h5 $8 dxe3 29. Bc3 Bxf4 (29... Rxf4 30. h6 Be5 31. hxg7+ Kxg7 (31...
Bxg7 32. Rxh7+ $18) 32. Rxh7+ $1 Kf8 33. Qh5 $18) 30. h6 $18 Be5 (30... Bxh2
31. hxg7#) 31. hxg7+ Kxg7 32. Rxh7+ $18 {#2}) 27... Nf5 $1 {[%mdl 34896] [#]
Critical Position Attack the kingside with h6, break the center with dxc5, or
bail with Bxf5?} 28. h6 $4 (28. dxc5 $2 Nxe3 $8 $19 (28... bxc5 $2 29. Bxf5 (
29. Rxc5 $4 Nxe3 $19) 29... Rxf5 30. Rxc5 Rxg5 $1 $13) 29. Bxe3 Bxf4 30. Rh3
Bxe3 31. Rxe3 Qf4 32. Qe2 d4 $19 {skewers the Rc1.}) (28. Bxf5 Rxf5 $8 (28...
exf5 $4 29. dxc5 $18) 29. dxc5 Rxg5 $13) 28... Nxe3 $8 $19 29. Bxe3 Bxf4 $8 30.
hxg7+ Kxg7 {[#]} 31. Rxh7+ {Desperate. White gets checks but Black defends
cooly.} (31. Rh3 Bxe3 32. Rxe3 Qf4 33. Qe2 cxd4 $19 {as above, the pawns crash
through and White can't save his Rs.}) 31... Kxh7 32. Bf5+ Rxf5 33. Qh5+ Kg7
34. Qh6+ Kf7 $8 35. g6+ Kf6 36. Qh4+ (36. g7+ $4 Bxh6) 36... Bg5 37. Bxg5+ Rxg5
38. Ke2 Qg3 {Black's K will be safe on d6 and the white K is a sitting duck.}
0-1

[Event "Chess Festival Innsbruck Group A 5th"]
[Site "Innsbruck, Austria"]
[Date "2021.08.26"]
[Round "7.4"]
[White "Ivanov, Mike"]
[Black "Schwabeneder, Florian"]
[Result "1-0"]
[WhiteElo "2195"]
[BlackElo "2440"]
[Annotator "John Upper"]
[PlyCount "155"]
[EventDate "2021.08.21"]
[EventRounds "9"]
[EventCountry "AUT"]
[SourceTitle "Chess Canada Tactiosauru"]
[Source "CFC/John Upper"]
[SourceDate "2023.03.11"]
[SourceVersion "1"]
[SourceVersionDate "2023.03.11"]
[SourceQuality "1"]

{[%mdl 1]} 1. e4 c5 2. Nf3 d6 3. d4 cxd4 4. Qxd4 Nf6 5. Be2 g6 6. O-O Bg7 7.
Rd1 O-O 8. h3 Nc6 9. Qe3 Be6 {[#]} 10. c4 (10. Nc3 Qc8 11. a3 Na5 12. Nd4 Bc4
13. Bf3 Nc6 14. Nxc6 bxc6 15. e5 $6 dxe5 16. Qc5 Bd5 $15 {(½-½, 33) Carlsen,
M (2862)-Svidler,P (2723) chess24.com, 2020.}) 10... Qb6 11. Nc3 Nd7 12. Nd5
Qxe3 13. Bxe3 Rfc8 $11 (13... Nc5 14. e5 $5 Nxe5 15. Nxe7+ Kh8 16. Rxd6 b6 $2 (
16... Na4 $142 $132) 17. Nxe5 $1 Bxe5 18. Bd4 $16 Bxd4 19. Rxd4 Rae8 20. Nc6
Bxh3 21. Bf3 $8 $18 {(½-½, 53) Zvjaginsev,V (2614)-Vitiugov,N (2715) Moscow,
2021.}) 14. Nd4 Bxd4 15. Bxd4 Nxd4 16. Rxd4 Kf8 17. b3 a5 18. Nc3 Nb6 19. Nd5
Nd7 20. Nc3 Nc5 21. Rc1 Bd7 22. Rcd1 Bc6 23. Bg4 Rcb8 24. h4 {[%mdl 32768] [#]
Critical Position A typical queenless middlegame in the Maroczy: DSBs have
been traded and there are no open files for the Rs. What should Black do:
activate with ...b5 or block with ...h5?} b5 $2 {Strategically good, but
tactically bad.} (24... h5 $142 {or ...Na6 keeps things even.}) (24... Ne6 $6
25. Bxe6 fxe6 26. a4 $14 {Black's B has nothing to do, but it's hard to see
how White can make much progress without freeing it.}) (24... a4 $2 25. b4 Bd7
(25... Ne6 26. Bxe6 fxe6 27. b5 $14 {and White can go after the a-pawn with
Rb1-b4.}) 26. e5 $1 (26. bxc5 $2 Bxg4 27. f3 dxc5 $11) 26... Bxg4 27. Rxg4 $16
{White breaks through in the center.}) 25. cxb5 Bxb5 {[%mdl 2048] [#]} 26. e5
$1 {Without this, Black can retreat the B and hope for queenside pressure with
...a4. But Black can't take on e5 without losing a piece, and after exd6 White
wins the d-pawn and activates both Rs in the process.} Be8 $1 (26... dxe5 $4
27. Rd5 $18 {winning is a piece.}) 27. exd6 exd6 28. Bf3 $1 {Gains a tempo and
weakens Black's back rank while putting the B on a safe square so any later ...
R4 won't skewer h4,} Ra7 29. Rxd6 a4 30. bxa4 Bxa4 $2 {This allows White to
force simplifications, killing all potential counterplay.} (30... Nxa4 31. Ne4
$14 {White's up a pawn with more active pieces, but it might not be enough.})
31. Rd8+ $1 Rxd8 32. Rxd8+ Ke7 {[#]} 33. Ra8 $1 $18 {Forcing off Black's R
kills any counterplay and leaves White with a much easier to convert advantage.
} Rxa8 34. Bxa8 Bd7 35. Kf1 h6 36. Ke2 g5 37. hxg5 hxg5 38. Ke3 f5 39. Kd4 Kd6
40. Bd5 Be8 41. g3 Bd7 42. a3 Be8 43. Nd1 Bc6 44. Bxc6 Ne6+ 45. Kc4 Kxc6 46.
Nc3 {[#]} Nf8 47. Nb5 f4 48. Nd4+ Kd6 49. gxf4 gxf4 50. a4 Nd7 51. a5 Kc7 52.
Ne6+ Kc6 53. Nxf4 Ne5+ 54. Kb4 $8 Kb7 55. Kb5 Nf3 56. Ne6 Ka7 57. a6 Nh4 58.
Nd4 Ng6 59. Nc6+ Ka8 {[#]} 60. Kc4 {playing to defend the a-pawn from behind
with the N, and winning on the kingside with the KP vs N.  Black finds a
clever stalemate resource to make Mike's job harder.} Nf4 61. Nb4 Ng6 62. Kd5
Ne7+ {[#]} 63. Ke4 (63. Ke5 $4 Nc6+ $1 $11 {since} 64. Nxc6 {is stalemate.})
63... Nc6 $5 64. Nd3 Ka7 65. Kd5 Kb6 66. Kd6 Nd4 67. Nb4 Nf3 68. Kd5 Ka7 69.
Ke4 Ng5+ 70. Ke3 Nf7 71. f4 Nd6 72. Kd4 Kb6 73. Ke5 Nc4+ 74. Ke6 Kb5 75. a7 Nb6
76. Nd5 Na8 77. Kd6 Ka6 78. Nc7+ $1 {Finally getting rid of the N that's been
such a pest for 30 moves!} 1-0